[Event "II. rocnik Poharu plk. gst. Aloise Parala"]
[Site "?"]
[Date "2024.04.20"]
[Round "6.1"]
[White "Richterova, Natasa"]
[Black "Janicek, Jindrich"]
[Result "1/2-1/2"]
[BlackElo "2013"]
[WhiteElo "2084"]
[LiveChessVersion "1.4.8"]

1. e4 {[%clk 0:14:59]} c5 {[%clk 0:14:57]} 2. Nf3 {[%clk 0:14:58]} e6
{[%clk 0:14:54]} 3. c4 {[%clk 0:14:51]} a6 {[%clk 0:14:48]} 4. Nc3
{[%clk 0:14:49]} d6 {[%clk 0:14:41]} 5. d4 {[%clk 0:14:47]} cxd4 {[%clk 0:14:38]}
6. Nxd4 {[%clk 0:14:46]} Nf6 {[%clk 0:14:29]} 7. Bg5 {[%clk 0:13:56]} Be7
{[%clk 0:14:24]} 8. Rc1 {[%clk 0:13:32]} O-O {[%clk 0:14:15]} 9. Be2
{[%clk 0:13:28]} Nbd7 {[%clk 0:13:24]} 10. O-O {[%clk 0:13:19]} Qc7
{[%clk 0:13:12]} 11. Bh4 {[%clk 0:12:54]} b6 {[%clk 0:12:20]} 12. f4
{[%clk 0:11:44]} Bb7 {[%clk 0:10:48]} 13. Bf3 {[%clk 0:11:36]} Rfe8
{[%clk 0:10:18]} 14. Bf2 {[%clk 0:10:10]} Bf8 {[%clk 0:10:12]} 15. Nde2
{[%clk 0:09:18]} Rac8 {[%clk 0:09:57]} 16. b3 Qb8 {[%clk 0:09:42]} 17. Ng3
{[%clk 0:08:11]} Ba8 {[%clk 0:09:06]} 18. Qe2 {[%clk 0:08:07]} Bc6
{[%clk 0:07:04]} 19. Rfe1 {[%clk 0:07:14]} e5 {[%clk 0:06:54]} 20. f5
{[%clk 0:07:04]} b5 {[%clk 0:06:43]} 21. cxb5 {[%clk 0:07:00]} axb5
{[%clk 0:06:41]} 22. Nd5 {[%clk 0:06:29]} Bxd5 {[%clk 0:06:12]} 23. exd5
{[%clk 0:06:25]} Qb7 {[%clk 0:05:57]} 24. Rcd1 {[%clk 0:05:57]} b4
{[%clk 0:05:45]} 25. Be4 {[%clk 0:05:44]} Rc3 {[%clk 0:05:25]} 26. Rd2
{[%clk 0:05:32]} Rec8 {[%clk 0:05:22]} 27. h3 {[%clk 0:05:07]} Nc5
{[%clk 0:05:07]} 28. Bxc5 {[%clk 0:04:46]} R8xc5 {[%clk 0:05:05]} 29. Red1
{[%clk 0:04:40]} Rxg3 {[%clk 0:05:02]} 30. Bf3 {[%clk 0:04:32]} e4
{[%clk 0:04:38]} 31. Bxe4 {[%clk 0:04:13]} Rgc3 {[%clk 0:04:32]} 32. Bf3
{[%clk 0:04:11]} Qe7 {[%clk 0:04:27]} 33. Qf1 {[%clk 0:03:55]} Qe3+
{[%clk 0:04:23]} 34. Kh2 {[%clk 0:03:36]} Qf4+ {[%clk 0:04:19]} 35. Kg1
{[%clk 0:03:34]} Rc2 {[%clk 0:04:06]} 36. Rd4 {[%clk 0:03:29]} Qxf5
{[%clk 0:04:00]} 37. Rxb4 {[%clk 0:03:22]} Rxa2 {[%clk 0:03:49]} 38. Rb8
{[%clk 0:03:18]} Rac2 {[%clk 0:03:38]} 39. b4 {[%clk 0:02:59]} Rc8
{[%clk 0:03:35]} 40. Rb7 {[%clk 0:02:52]} Nh5 {[%clk 0:03:06]} 41. Bg4
{[%clk 0:02:40]} Qxf1+ {[%clk 0:02:51]} 42. Rxf1 {[%clk 0:02:39]} Nf6
{[%clk 0:02:47]} 43. Bxc8 Rxc8 44. b5 {[%clk 0:02:28]} Nxd5 {[%clk 0:02:41]} 45.
Rfxf7 {[%clk 0:02:21]} Ne7 {[%clk 0:02:33]} 46. Rfxe7 {[%clk 0:01:49]} Bxe7
{[%clk 0:02:32]} 47. Rxe7 {[%clk 0:01:47]} Rb8 {[%clk 0:02:30]} 1/2-1/2

[Event "II. rocnik Poharu plk. gst. Aloise Parala"]
[Site "?"]
[Date "2024.04.20"]
[Round "6.2"]
[White "Rozumek, Vlastimil"]
[Black "Rotrekl, Rostislav"]
[Result "1/2-1/2"]
[BlackElo "1885"]
[WhiteElo "2053"]
[LiveChessVersion "1.4.8"]

1. d4 {[%clk 0:14:57]} Nf6 {[%clk 0:14:59]} 2. Nf3 {[%clk 0:14:55]} g6
{[%clk 0:14:53]} 3. Bg5 {[%clk 0:14:52]} Bg7 4. e3 d5 {[%clk 0:14:40]} 5. Be2
{[%clk 0:14:45]} O-O {[%clk 0:14:37]} 6. O-O {[%clk 0:14:42]} Bg4
{[%clk 0:14:25]} 7. Nbd2 c6 {[%clk 0:14:16]} 8. h3 {[%clk 0:14:36]} Bxf3
{[%clk 0:14:12]} 9. Bxf3 {[%clk 0:14:22]} Qb6 {[%clk 0:13:58]} 10. Nb3
{[%clk 0:13:49]} Nbd7 {[%clk 0:13:43]} 11. c3 {[%clk 0:13:44]} e5
{[%clk 0:13:15]} 12. Qc2 {[%clk 0:12:49]} Rac8 {[%clk 0:12:55]} 13. a4
{[%clk 0:12:41]} Rfe8 {[%clk 0:12:41]} 1/2-1/2

[Event "II. rocnik Poharu plk. gst. Aloise Parala"]
[Site "?"]
[Date "2024.04.20"]
[Round "6.3"]
[White "Svetly, Jiri"]
[Black "Kulovana, Eva"]
[Result "1/2-1/2"]
[BlackElo "2070"]
[WhiteElo "1981"]
[LiveChessVersion "1.4.8"]

1. d4 {[%clk 0:14:57]} d5 {[%clk 0:14:57]} 2. c4 {[%clk 0:14:56]} e6
{[%clk 0:14:56]} 3. Nf3 {[%clk 0:14:53]} Be7 {[%clk 0:14:54]} 4. Bf4
{[%clk 0:14:45]} Nf6 {[%clk 0:14:51]} 5. e3 {[%clk 0:14:41]} O-O {[%clk 0:14:47]}
6. Bd3 {[%clk 0:14:15]} dxc4 {[%clk 0:14:17]} 7. Bxc4 {[%clk 0:14:13]} c5
{[%clk 0:14:12]} 8. O-O {[%clk 0:14:05]} Nc6 9. Nc3 cxd4 {[%clk 0:13:52]} 10.
exd4 {[%clk 0:13:27]} Nb4 {[%clk 0:12:50]} 11. a3 {[%clk 0:12:57]} Nbd5
{[%clk 0:12:49]} 12. Be3 {[%clk 0:11:50]} b6 {[%clk 0:12:45]} 13. Nxd5
{[%clk 0:11:45]} Nxd5 {[%clk 0:12:40]} 14. Bxd5 {[%clk 0:10:58]} Qxd5
{[%clk 0:12:38]} 15. Nd2 {[%clk 0:10:10]} Bb7 {[%clk 0:12:11]} 16. f3
{[%clk 0:10:08]} Rfd8 {[%clk 0:12:04]} 17. Ne4 {[%clk 0:09:53]} Qb5
{[%clk 0:10:51]} 18. Qc1 {[%clk 0:07:11]} Rac8 {[%clk 0:10:39]} 19. Nc3
{[%clk 0:07:09]} Qb3 {[%clk 0:10:31]} 20. Rf2 {[%clk 0:06:32]} Rd7
{[%clk 0:09:36]} 21. Qd1 {[%clk 0:06:23]} Qxd1+ {[%clk 0:08:17]} 22. Rxd1
{[%clk 0:06:20]} Rcd8 {[%clk 0:08:15]} 23. Rfd2 {[%clk 0:06:11]} Bd5
{[%clk 0:07:40]} 24. Nxd5 {[%clk 0:06:00]} Rxd5 {[%clk 0:07:39]} 25. Kf2
{[%clk 0:05:53]} Bf6 {[%clk 0:07:15]} 26. f4 {[%clk 0:05:26]} g6 {[%clk 0:06:59]}
27. g4 {[%clk 0:05:07]} Rc8 {[%clk 0:06:42]} 28. g5 {[%clk 0:04:55]} Bg7
{[%clk 0:06:40]} 29. Kf3 {[%clk 0:04:54]} Kf8 {[%clk 0:06:18]} 30. h4
{[%clk 0:04:52]} h5 {[%clk 0:06:05]} 31. Rd3 {[%clk 0:04:10]} Ke7
{[%clk 0:05:46]} 32. Rc3 {[%clk 0:04:08]} Rxc3 {[%clk 0:05:35]} 33. bxc3
{[%clk 0:04:06]} Ra5 {[%clk 0:05:06]} 34. Ra1 {[%clk 0:03:53]} Ra4
{[%clk 0:05:04]} 35. Ke4 {[%clk 0:03:49]} Kd7 {[%clk 0:04:53]} 36. Kd3
{[%clk 0:03:45]} b5 {[%clk 0:04:51]} 37. Bc1 {[%clk 0:03:33]} Kc6
{[%clk 0:04:46]} 38. Kc2 {[%clk 0:03:12]} Bf8 {[%clk 0:04:07]} 39. Kb3
{[%clk 0:03:11]} Kd5 {[%clk 0:04:02]} 40. Ra2 {[%clk 0:02:49]} Ke4
{[%clk 0:03:15]} 41. Re2+ {[%clk 0:02:43]} Kf3 {[%clk 0:02:49]} 42. Re5
{[%clk 0:02:37]} a6 {[%clk 0:02:39]} 43. d5 {[%clk 0:02:04]} Bd6 {[%clk 0:02:38]}
44. Re3+ {[%clk 0:02:02]} Kg4 {[%clk 0:01:54]} 45. dxe6 {[%clk 0:02:01]} 1/2-1/2

[Event "II. rocnik Poharu plk. gst. Aloise Parala"]
[Site "?"]
[Date "2024.04.20"]
[Round "6.4"]
[White "Bures, Vit"]
[Black "Moucka, Jiri"]
[Result "1-0"]
[BlackElo "1986"]
[WhiteElo "2182"]
[LiveChessVersion "1.4.8"]

1. d4 {[%clk 0:14:59]} Nf6 {[%clk 0:14:57]} 2. c4 {[%clk 0:14:59]} d6 3. Nc3
{[%clk 0:14:57]} g6 {[%clk 0:14:50]} 4. e4 Bg7 {[%clk 0:14:45]} 5. Be2
{[%clk 0:14:57]} O-O {[%clk 0:14:43]} 6. Bg5 {[%clk 0:14:56]} h6 {[%clk 0:14:35]}
7. Be3 {[%clk 0:14:55]} c6 {[%clk 0:14:02]} 8. Nf3 {[%clk 0:14:48]} Ng4
{[%clk 0:13:43]} 9. Bd2 {[%clk 0:14:22]} c5 {[%clk 0:13:41]} 10. d5
{[%clk 0:13:48]} e6 {[%clk 0:13:33]} 11. O-O {[%clk 0:13:34]} exd5
{[%clk 0:13:30]} 12. cxd5 {[%clk 0:13:14]} Nd7 {[%clk 0:13:21]} 13. Bf4
{[%clk 0:12:53]} Nde5 {[%clk 0:13:14]} 14. Nd2 {[%clk 0:12:44]} Qe7
{[%clk 0:12:01]} 15. h3 {[%clk 0:12:09]} Nf6 {[%clk 0:11:59]} 16. Bg3
{[%clk 0:12:00]} a6 {[%clk 0:11:43]} 17. a4 {[%clk 0:11:56]} Nh7 {[%clk 0:10:02]}
18. f4 {[%clk 0:10:59]} Nd7 {[%clk 0:10:00]} 19. Bd3 {[%clk 0:10:41]} f5
{[%clk 0:09:27]} 20. Qc2 {[%clk 0:10:20]} Ndf6 {[%clk 0:08:41]} 21. Rae1
{[%clk 0:09:51]} Qf7 {[%clk 0:08:31]} 22. e5 {[%clk 0:07:33]} Nh5
{[%clk 0:08:20]} 23. Bh2 {[%clk 0:07:02]} Nxf4 {[%clk 0:06:24]} 24. Bxf4
{[%clk 0:06:45]} dxe5 {[%clk 0:06:20]} 25. Bxe5 {[%clk 0:06:41]} Bxe5
{[%clk 0:05:55]} 26. Rxe5 {[%clk 0:06:39]} 1-0

[Event "II. rocnik Poharu plk. gst. Aloise Parala"]
[Site "?"]
[Date "2024.04.20"]
[Round "6.5"]
[White "Hrdlicka, Vladan"]
[Black "Kalendovsky, Jan"]
[Result "0-1"]
[BlackElo "1938"]
[WhiteElo "1894"]
[LiveChessVersion "1.4.8"]

1. e4 {[%clk 0:14:57]} d6 {[%clk 0:14:58]} 2. d4 {[%clk 0:14:55]} Nf6
{[%clk 0:14:56]} 3. Nc3 {[%clk 0:14:54]} g6 {[%clk 0:14:55]} 4. Bg5
{[%clk 0:14:52]} h6 {[%clk 0:14:41]} 5. Bh4 {[%clk 0:14:48]} g5 {[%clk 0:14:33]}
6. Bg3 {[%clk 0:14:47]} Bg7 {[%clk 0:14:25]} 7. Qd2 {[%clk 0:14:34]} c6
{[%clk 0:14:12]} 8. O-O-O {[%clk 0:14:27]} b5 {[%clk 0:13:48]} 9. f3
{[%clk 0:13:52]} a6 {[%clk 0:13:40]} 10. Kb1 {[%clk 0:12:59]} Qa5
{[%clk 0:13:02]} 11. e5 {[%clk 0:12:24]} Nh5 {[%clk 0:11:12]} 12. exd6
{[%clk 0:11:43]} Nxg3 {[%clk 0:11:07]} 13. hxg3 {[%clk 0:11:27]} exd6
{[%clk 0:10:57]} 14. Qe3+ {[%clk 0:11:07]} Be6 {[%clk 0:09:53]} 15. d5
{[%clk 0:10:31]} cxd5 {[%clk 0:09:47]} 16. Nxd5 {[%clk 0:10:00]} O-O
{[%clk 0:09:33]} 17. Ne7+ {[%clk 0:09:29]} Kh8 {[%clk 0:09:18]} 18. Ng6+
{[%clk 0:09:15]} Kg8 {[%clk 0:08:59]} 19. a3 {[%clk 0:08:57]} Re8
{[%clk 0:08:34]} 20. Qf2 {[%clk 0:05:30]} fxg6 {[%clk 0:08:07]} 21. Rxd6
{[%clk 0:05:06]} Qc7 {[%clk 0:06:18]} 22. Qd2 {[%clk 0:04:31]} Nc6
{[%clk 0:05:59]} 23. f4 {[%clk 0:04:22]} Rad8 {[%clk 0:05:50]} 24. Rxd8
{[%clk 0:04:11]} Rxd8 {[%clk 0:05:49]} 25. Qe1 {[%clk 0:04:00]} Qd6
{[%clk 0:05:10]} 26. Bd3 {[%clk 0:03:40]} Bf5 {[%clk 0:04:55]} 27. Nf3
{[%clk 0:02:23]} Bxd3 {[%clk 0:04:42]} 28. cxd3 {[%clk 0:02:20]} Qxd3+
{[%clk 0:04:32]} 29. Ka1 {[%clk 0:02:14]} Qxa3+ {[%clk 0:04:27]} 0-1

[Event "II. rocnik Poharu plk. gst. Aloise Parala"]
[Site "?"]
[Date "2024.04.20"]
[Round "6.6"]
[White "Skaroupka, Petr"]
[Black "Buchnicek, Petr"]
[Result "0-1"]
[BlackElo "2212"]
[WhiteElo "1841"]
[LiveChessVersion "1.4.8"]

1. d4 {[%clk 0:14:57]} f5 {[%clk 0:14:59]} 2. c4 e6 {[%clk 0:14:58]} 3. Nc3
{[%clk 0:14:51]} Nf6 {[%clk 0:14:57]} 4. Nf3 {[%clk 0:14:49]} d5 {[%clk 0:14:56]}
5. cxd5 {[%clk 0:14:42]} exd5 {[%clk 0:14:54]} 6. g3 {[%clk 0:14:10]} Bd6
{[%clk 0:14:51]} 7. Bg2 {[%clk 0:14:08]} c6 {[%clk 0:14:48]} 8. O-O
{[%clk 0:13:59]} O-O {[%clk 0:14:47]} 9. a3 {[%clk 0:13:19]} Nbd7
{[%clk 0:14:43]} 10. b4 {[%clk 0:12:52]} a6 {[%clk 0:14:41]} 11. Qb3
{[%clk 0:11:55]} Ne4 {[%clk 0:14:29]} 12. Bb2 {[%clk 0:11:17]} Ndf6
{[%clk 0:14:22]} 13. a4 {[%clk 0:10:59]} Qe7 {[%clk 0:13:45]} 14. Ba3
{[%clk 0:10:09]} g5 {[%clk 0:11:55]} 15. Nxe4 {[%clk 0:09:23]} Nxe4
{[%clk 0:11:53]} 16. Rfd1 {[%clk 0:07:53]} Bd7 {[%clk 0:11:45]} 17. e3
{[%clk 0:07:45]} f4 {[%clk 0:11:29]} 18. exf4 {[%clk 0:06:11]} gxf4
{[%clk 0:11:27]} 19. Re1 {[%clk 0:06:06]} fxg3 {[%clk 0:11:14]} 20. hxg3
{[%clk 0:05:57]} Qf7 {[%clk 0:10:34]} 21. Qe3 {[%clk 0:05:37]} Kh8
{[%clk 0:09:56]} 22. Ra2 {[%clk 0:04:30]} Rae8 {[%clk 0:09:48]} 23. Qh6
{[%clk 0:04:07]} Re6 {[%clk 0:09:42]} 24. Qh4 {[%clk 0:03:30]} Rf6
{[%clk 0:08:46]} 25. Re3 {[%clk 0:02:30]} Qg7 {[%clk 0:08:19]} 26. Qh2
{[%clk 0:01:32]} Nxg3 {[%clk 0:05:47]} 27. fxg3 {[%clk 0:01:10]} Bxg3
{[%clk 0:05:46]} 28. Qh5 {[%clk 0:00:45]} Bg4 {[%clk 0:05:14]} 29. Qg5
{[%clk 0:00:34]} Qxg5 {[%clk 0:04:01]} 30. Nxg5 {[%clk 0:00:32]} Bf4
{[%clk 0:03:59]} 31. Ne6 {[%clk 0:00:17]} Bxe3+ {[%clk 0:03:56]} 32. Kh2
{[%clk 0:00:15]} Bxe6 {[%clk 0:03:54]} 33. Re2 {[%clk 0:00:13]} Rh6+
{[%clk 0:03:23]} 0-1

[Event "II. rocnik Poharu plk. gst. Aloise Parala"]
[Site "?"]
[Date "2024.04.20"]
[Round "6.7"]
[White "Rezny, Frantisek"]
[Black "Kabat, Josef"]
[Result "0-1"]
[BlackElo "1854"]
[WhiteElo "1690"]
[LiveChessVersion "1.4.8"]

1. e4 {[%clk 0:14:59]} e6 {[%clk 0:14:58]} 2. f4 {[%clk 0:14:55]} d5
{[%clk 0:14:52]} 3. exd5 {[%clk 0:14:49]} exd5 {[%clk 0:14:44]} 4. Nf3
{[%clk 0:14:46]} Nf6 {[%clk 0:14:31]} 5. d4 {[%clk 0:14:43]} Bd6 {[%clk 0:14:09]}
6. Be2 {[%clk 0:14:37]} O-O {[%clk 0:14:01]} 7. O-O {[%clk 0:14:35]} Ne4
{[%clk 0:13:50]} 8. Nbd2 {[%clk 0:14:17]} Nd7 {[%clk 0:12:43]} 9. Nxe4
{[%clk 0:14:05]} dxe4 {[%clk 0:12:42]} 10. Ng5 {[%clk 0:13:36]} Nf6
{[%clk 0:12:33]} 11. Qe1 {[%clk 0:12:58]} h6 {[%clk 0:12:16]} 12. Nh3
{[%clk 0:12:26]} c5 {[%clk 0:11:37]} 13. Be3 {[%clk 0:12:01]} cxd4
{[%clk 0:10:16]} 14. Bxd4 {[%clk 0:11:54]} Qe7 {[%clk 0:10:10]} 15. Rd1
{[%clk 0:11:46]} Bxh3 {[%clk 0:09:38]} 16. gxh3 {[%clk 0:11:45]} Bc5
{[%clk 0:09:36]} 17. Bxc5 {[%clk 0:11:29]} Qxc5+ {[%clk 0:09:35]} 18. Rf2
{[%clk 0:11:05]} Rad8 {[%clk 0:09:01]} 19. Rxd8 {[%clk 0:10:46]} Rxd8
{[%clk 0:08:59]} 20. Bg4 {[%clk 0:10:12]} e3 {[%clk 0:08:25]} 21. Re2
{[%clk 0:09:48]} Nd5 {[%clk 0:07:21]} 22. Bf3 {[%clk 0:09:41]} Nxf4
{[%clk 0:07:10]} 23. Rxe3 {[%clk 0:09:18]} Re8 {[%clk 0:06:31]} 0-1

[Event "II. rocnik Poharu plk. gst. Aloise Parala"]
[Site "?"]
[Date "2024.04.20"]
[Round "7.1"]
[White "Bures, Vit"]
[Black "Richterova, Natasa"]
[Result "1-0"]
[BlackElo "2084"]
[WhiteElo "2182"]
[LiveChessVersion "1.4.8"]

1. d4 {[%clk 0:15:00]} d5 2. c4 c6 {[%clk 0:14:59]} 3. Nc3 {[%clk 0:14:59]} Nf6
{[%clk 0:14:57]} 4. e3 {[%clk 0:14:58]} Bf5 {[%clk 0:14:54]} 5. cxd5
{[%clk 0:14:57]} cxd5 {[%clk 0:14:53]} 6. Qb3 {[%clk 0:14:57]} Bc8
{[%clk 0:14:03]} 7. Nf3 {[%clk 0:14:49]} Nc6 {[%clk 0:13:59]} 8. Ne5
{[%clk 0:14:42]} e6 {[%clk 0:13:45]} 9. f4 {[%clk 0:14:41]} Bd6 {[%clk 0:13:36]}
10. Bd3 {[%clk 0:14:39]} g6 {[%clk 0:13:31]} 11. O-O {[%clk 0:14:32]} O-O
{[%clk 0:13:29]} 12. Bd2 {[%clk 0:14:31]} Nd7 {[%clk 0:13:01]} 13. a3
{[%clk 0:14:05]} a6 {[%clk 0:12:53]} 14. Rac1 {[%clk 0:13:54]} Ne7
{[%clk 0:12:15]} 15. Qd1 {[%clk 0:13:09]} b5 {[%clk 0:12:04]} 16. Qf3
{[%clk 0:12:55]} Bb7 {[%clk 0:11:49]} 17. Qh3 {[%clk 0:11:51]} Kg7
{[%clk 0:10:50]} 18. Be1 {[%clk 0:10:30]} Ng8 {[%clk 0:09:58]} 19. Bh4
{[%clk 0:10:09]} Be7 {[%clk 0:09:56]} 20. Bxe7 {[%clk 0:09:52]} Qxe7
{[%clk 0:09:52]} 21. g4 {[%clk 0:08:52]} h6 {[%clk 0:09:27]} 22. Rf2
{[%clk 0:08:32]} Rac8 {[%clk 0:09:09]} 23. Rcf1 Nxe5 {[%clk 0:07:41]} 24. fxe5
{[%clk 0:08:02]} b4 {[%clk 0:07:27]} 25. axb4 {[%clk 0:07:54]} Qxb4
{[%clk 0:07:22]} 26. Ne2 {[%clk 0:07:13]} a5 {[%clk 0:06:33]} 27. Nf4
{[%clk 0:07:02]} Qb6 {[%clk 0:06:16]} 28. g5 {[%clk 0:06:06]} Ba6
{[%clk 0:04:58]} 29. gxh6+ {[%clk 0:04:55]} Nxh6 {[%clk 0:04:56]} 30. Nh5+
{[%clk 0:04:27]} Kh7 {[%clk 0:03:17]} 31. Nf6+ {[%clk 0:04:14]} Kg7
{[%clk 0:03:17]} 32. Nd7 {[%clk 0:03:57]} Qa7 {[%clk 0:03:16]} 33. Bxa6
{[%clk 0:03:49]} Qxd7 {[%clk 0:02:55]} 34. Bxc8 {[%clk 0:03:47]} Rxc8
{[%clk 0:02:50]} 35. Qf3 {[%clk 0:03:05]} Nf5 {[%clk 0:02:46]} 36. e4
{[%clk 0:02:54]} dxe4 {[%clk 0:02:45]} 37. Qxe4 {[%clk 0:02:53]} Rc4
{[%clk 0:02:27]} 38. Rd1 {[%clk 0:02:38]} Rxd4 {[%clk 0:01:26]} 39. Rxd4
{[%clk 0:02:34]} Nxd4 {[%clk 0:01:25]} 40. Kg2 {[%clk 0:02:12]} Nf5
{[%clk 0:01:20]} 41. h4 {[%clk 0:01:48]} Qd8 {[%clk 0:01:20]} 42. Kh3
{[%clk 0:01:46]} Qb6 {[%clk 0:01:04]} 43. Rg2 {[%clk 0:01:39]} Qb3+
{[%clk 0:01:01]} 44. Kh2 {[%clk 0:01:37]} Qd1 {[%clk 0:00:58]} 45. Qf4
{[%clk 0:01:18]} Qh5 {[%clk 0:00:51]} 46. Qg4 {[%clk 0:01:13]} Qh6 47. Qg5
{[%clk 0:01:09]} Nxh4 {[%clk 0:00:28]} 48. Qxh6+ {[%clk 0:00:55]} Kxh6
{[%clk 0:00:27]} 49. Rf2 {[%clk 0:00:46]} Nf5 {[%clk 0:00:23]} 50. Rc2
{[%clk 0:00:45]} Nd4 {[%clk 0:00:21]} 51. Rc5 {[%clk 0:00:43]} a4
{[%clk 0:00:15]} 52. Kg3 {[%clk 0:00:41]} Kg5 {[%clk 0:00:14]} 53. Ra5
{[%clk 0:00:38]} Nc6 {[%clk 0:00:11]} 54. Rc5 {[%clk 0:00:35]} Nd4 55. Rc4
{[%clk 0:00:26]} Ne2+ {[%clk 0:00:06]} 56. Kf2 {[%clk 0:00:25]} Nf4
{[%clk 0:00:05]} 57. Rxa4 Nd3+ 58. Ke3 {[%clk 0:00:21]} Nxe5 {[%clk 0:00:04]} 59.
b4 {[%clk 0:00:20]} f5 {[%clk 0:00:03]} 60. b5 {[%clk 0:00:19]} f4+
{[%clk 0:00:02]} 61. Kf2 {[%clk 0:00:18]} Kf5 {[%clk 0:00:02]} 62. b6
{[%clk 0:00:17]} Nc6 {[%clk 0:00:01]} 63. Rc4 {[%clk 0:00:15]} Nb8
{[%clk 0:00:01]} 64. Rc8 {[%clk 0:00:14]} Na6 {[%clk 0:00:01]} 65. Ra8
{[%clk 0:00:13]} Nc5 1-0

[Event "II. rocnik Poharu plk. gst. Aloise Parala"]
[Site "?"]
[Date "2024.04.20"]
[Round "7.2"]
[White "Rotrekl, Rostislav"]
[Black "Svetly, Jiri"]
[Result "1/2-1/2"]
[BlackElo "1981"]
[WhiteElo "1885"]
[LiveChessVersion "1.4.8"]

1. d4 {[%clk 0:14:59]} Nf6 {[%clk 0:14:58]} 2. Bf4 {[%clk 0:14:56]} d5
{[%clk 0:14:53]} 3. e3 {[%clk 0:14:53]} e6 {[%clk 0:14:50]} 4. c3
{[%clk 0:14:50]} c5 {[%clk 0:14:47]} 5. Nd2 {[%clk 0:14:48]} Nc6 {[%clk 0:14:32]}
6. Bd3 {[%clk 0:14:42]} Bd6 {[%clk 0:14:29]} 7. Bxd6 {[%clk 0:14:08]} Qxd6
{[%clk 0:14:27]} 8. f4 {[%clk 0:14:07]} b6 {[%clk 0:13:58]} 9. Ngf3
{[%clk 0:14:06]} Ng4 {[%clk 0:13:34]} 10. Qe2 {[%clk 0:13:42]} f5
{[%clk 0:13:32]} 11. Ne5 {[%clk 0:13:30]} Bb7 {[%clk 0:13:26]} 12. Nxg4
{[%clk 0:13:19]} fxg4 {[%clk 0:13:18]} 13. Qxg4 {[%clk 0:13:13]} g6
{[%clk 0:12:46]} 14. h4 {[%clk 0:12:36]} O-O-O {[%clk 0:12:39]} 15. O-O-O
{[%clk 0:12:26]} c4 {[%clk 0:12:32]} 16. Bc2 {[%clk 0:12:20]} b5 {[%clk 0:12:30]}
17. Nf3 {[%clk 0:11:52]} b4 {[%clk 0:12:24]} 18. cxb4 {[%clk 0:11:07]} Nxb4
{[%clk 0:12:18]} 19. Bb1 {[%clk 0:10:51]} Qa6 {[%clk 0:11:52]} 20. Ne5
{[%clk 0:10:31]} Rhf8 {[%clk 0:11:13]} 21. a3 {[%clk 0:10:12]} Nd3+
{[%clk 0:09:11]} 22. Nxd3 {[%clk 0:09:49]} cxd3 {[%clk 0:09:07]} 23. Rxd3
{[%clk 0:09:19]} Kb8 {[%clk 0:09:04]} 24. Rc3 {[%clk 0:09:00]} Rc8
{[%clk 0:09:02]} 25. Rc5 {[%clk 0:08:15]} Rxc5+ {[%clk 0:08:52]} 26. dxc5
{[%clk 0:08:14]} Qc4+ {[%clk 0:08:29]} 27. Bc2 {[%clk 0:07:41]} Qxc5
{[%clk 0:08:19]} 28. Qxe6 {[%clk 0:07:31]} Rc8 {[%clk 0:08:15]} 29. Qe5+
{[%clk 0:07:13]} Ka8 {[%clk 0:08:10]} 30. Qc3 {[%clk 0:07:00]} Qxc3
{[%clk 0:07:10]} 31. bxc3 {[%clk 0:06:59]} Rxc3 {[%clk 0:07:09]} 32. Kd2
{[%clk 0:06:33]} Rxa3 {[%clk 0:06:57]} 33. h5 {[%clk 0:06:19]} d4
{[%clk 0:06:27]} 34. exd4 {[%clk 0:05:56]} Bxg2 {[%clk 0:06:11]} 35. Rg1
{[%clk 0:05:39]} Bd5 {[%clk 0:05:33]} 36. hxg6 hxg6 {[%clk 0:05:31]} 37. Rxg6
{[%clk 0:05:19]} Ra2 {[%clk 0:05:21]} 38. Kc3 {[%clk 0:05:02]} Ra3+
{[%clk 0:05:19]} 39. Kb4 {[%clk 0:04:43]} Ra2 {[%clk 0:04:41]} 40. Ba4
{[%clk 0:04:10]} Rf2 {[%clk 0:03:52]} 41. Kc5 {[%clk 0:03:58]} Be4
{[%clk 0:03:43]} 42. Rg8+ {[%clk 0:03:45]} Kb7 {[%clk 0:03:41]} 43. Rf8
{[%clk 0:03:29]} Ra2 {[%clk 0:02:49]} 44. Bb3 {[%clk 0:03:23]} Rb2
{[%clk 0:02:32]} 45. Bd5+ {[%clk 0:03:21]} Bxd5 {[%clk 0:02:30]} 46. Kxd5
{[%clk 0:03:21]} a5 {[%clk 0:02:26]} 47. Kc4 {[%clk 0:03:03]} a4 {[%clk 0:02:21]}
48. Kc3 {[%clk 0:02:54]} a3 {[%clk 0:02:12]} 49. Rf5 {[%clk 0:02:41]} Rf2
{[%clk 0:02:01]} 50. Ra5 {[%clk 0:02:23]} a2 {[%clk 0:01:57]} 51. f5
{[%clk 0:02:13]} Kb6 {[%clk 0:01:52]} 52. Ra4 {[%clk 0:02:00]} Rxf5
{[%clk 0:01:50]} 53. Rxa2 {[%clk 0:01:58]} Kb5 {[%clk 0:01:46]} 54. Rb2+
{[%clk 0:01:51]} Kc6 {[%clk 0:01:43]} 55. Kc4 {[%clk 0:01:50]} Rf4
{[%clk 0:01:38]} 56. Rh2 {[%clk 0:01:47]} Rf6 {[%clk 0:01:33]} 57. Rh5
{[%clk 0:01:43]} Rg6 {[%clk 0:01:28]} 58. Ra5 {[%clk 0:01:41]} Kb6
{[%clk 0:01:21]} 59. Re5 {[%clk 0:01:34]} Kc6 {[%clk 0:01:16]} 60. Kd3
{[%clk 0:01:27]} Kd6 {[%clk 0:01:09]} 61. Ra5 {[%clk 0:01:24]} Rg3+
{[%clk 0:01:06]} 62. Ke4 {[%clk 0:01:22]} Rg4+ {[%clk 0:01:04]} 63. Ke3
{[%clk 0:01:19]} Rh4 {[%clk 0:00:56]} 64. Ra6+ {[%clk 0:01:12]} Kd5
{[%clk 0:00:54]} 65. Ra5+ {[%clk 0:01:11]} Kd6 {[%clk 0:00:54]} 66. Rf5
{[%clk 0:01:06]} Rh3+ {[%clk 0:00:51]} 67. Ke4 {[%clk 0:01:02]} Rh4+
{[%clk 0:00:50]} 68. Kd3 {[%clk 0:00:56]} Rh1 {[%clk 0:00:40]} 69. Rf6+
{[%clk 0:00:50]} Kd5 {[%clk 0:00:39]} 70. Rf5+ {[%clk 0:00:48]} Kd6
{[%clk 0:00:37]} 71. Ra5 {[%clk 0:00:44]} Rd1+ {[%clk 0:00:33]} 72. Ke4
{[%clk 0:00:42]} Re1+ {[%clk 0:00:32]} 73. Kd3 {[%clk 0:00:40]} Rd1+
{[%clk 0:00:31]} 74. Ke3 {[%clk 0:00:40]} Re1+ {[%clk 0:00:29]} 75. Kd2
{[%clk 0:00:39]} Rh1 {[%clk 0:00:25]} 76. Kc3 {[%clk 0:00:36]} Rc1+
{[%clk 0:00:22]} 77. Kd2 {[%clk 0:00:33]} Rh1 {[%clk 0:00:19]} 78. Ke3
{[%clk 0:00:32]} 1/2-1/2

[Event "II. rocnik Poharu plk. gst. Aloise Parala"]
[Site "?"]
[Date "2024.04.20"]
[Round "7.3"]
[White "Janicek, Jindrich"]
[Black "Rozumek, Vlastimil"]
[Result "1-0"]
[BlackElo "2053"]
[WhiteElo "2013"]
[LiveChessVersion "1.4.8"]

1. Nf3 {[%clk 0:14:56]} Nf6 {[%clk 0:14:57]} 2. c4 {[%clk 0:14:54]} c6
{[%clk 0:14:45]} 3. d4 {[%clk 0:14:50]} d5 {[%clk 0:14:42]} 4. Nc3
{[%clk 0:14:48]} e6 {[%clk 0:14:31]} 5. Bg5 {[%clk 0:14:45]} Be7 {[%clk 0:14:30]}
6. e3 {[%clk 0:14:42]} Nbd7 {[%clk 0:14:24]} 7. Rc1 {[%clk 0:14:40]} O-O
{[%clk 0:14:21]} 8. Qc2 {[%clk 0:14:37]} h6 {[%clk 0:14:02]} 9. Bh4
{[%clk 0:14:32]} Re8 {[%clk 0:13:38]} 10. Bd3 {[%clk 0:14:19]} dxc4
{[%clk 0:13:04]} 11. Bxc4 {[%clk 0:14:16]} Nd5 {[%clk 0:12:59]} 12. Bg3
{[%clk 0:14:08]} N7f6 {[%clk 0:12:42]} 13. O-O {[%clk 0:13:17]} Nh5
{[%clk 0:18:24]} 14. Be5 {[%clk 0:12:38]} f6 {[%clk 0:11:10]} 15. Qg6
{[%clk 0:12:05]} fxe5 {[%clk 0:09:39]} 16. Qxh5 {[%clk 0:10:54]} exd4
{[%clk 0:09:07]} 17. exd4 {[%clk 0:10:12]} Nxc3 {[%clk 0:07:14]} 18. Rxc3
{[%clk 0:10:01]} Bf6 {[%clk 0:07:12]} 19. Rd3 {[%clk 0:09:22]} Qe7
{[%clk 0:06:17]} 20. Ne5 {[%clk 0:08:43]} Bxe5 {[%clk 0:06:01]} 21. dxe5
{[%clk 0:08:40]} b5 22. Bb3 {[%clk 0:08:31]} c5 {[%clk 0:05:05]} 23. Rd6
{[%clk 0:08:27]} c4 {[%clk 0:04:55]} 24. Bc2 {[%clk 0:08:24]} Qg5
{[%clk 0:04:34]} 25. Qxe8# {[%clk 0:08:18]} 1-0